000
00503nam a2200169Ia 4500
008
090124s9999 xx 000 0 und d
082
_b
6436
100
_a
दादूमिया
245
_a
दलितांचे राजकारण
250
_a
0
300
_a
186
600
_a
दादूमिया
630
_a
दलितांचे राजकारण
700
_a
दादूमिया
730
_a
दलितांचे राजकारण
942
_c
BOOK
999
_c
84691
_d
84691